カナダ・地理クイズ - Statistics

General Stats
  • This quiz has been taken 48 times
  • The average score is 4 of 19
Answer Stats
Question Answer % Correct
カナダの首都はどこ? オタワ
98%
カナダで最も人口の多い市はどこ? トロント
62%
カナダ滝・アメリカ滝・ブライダルベール滝の三つの滝から構成される滝は? ナイアガラの滝
48%
ケベック州・オンタリオ州・マニトバ州・ヌナブト準州が面する湾の名は? ハドソン湾
36%
ブリティッシュコロンビア州の州都は? ビクトリア
29%
面積が最小の州は? プリンスエドワードアイランド州
21%
毎年7月に、世界最大のカウボーイの祭典である「(都市名)・スタンピード」が開催されている都市はどこ? カルガリー
21%
西暦1000年頃、ニューファンドランド島への入植を試みた民族は? バイキング
21%
五大湖と大西洋を結ぶ内陸水路は? セントローレンス海路
19%
北極諸島に位置し、面積約50万㎢とカナダ最大かつ世界5位の面積の島は? バフィン島
17%
カナダ北東部の大部分にまたがっている楯状地は? カナダ楯状地
17%
バンクーバーの120km北に位置する、世界的に有名なスキーリゾート地は? ウィスラー
12%
アルバータ州に位置する、1887年にカナダで最初に設立された国立公園は? バンフ国立公園
7%
ユーコン準州に位置する、標高5959mのカナダ最高峰は? ローガン山
5%
面積約82000㎢と、全域がカナダ領内にある湖のうち、最大の湖は? グレートベアー湖
2%
全域がカナダ領内にある湖で2番目に広く、かつ北米大陸最深の湖は? グレートスレーブ湖
2%
ニューファンドランド島東沖の、潮目が位置する好漁場とされる海域はどこ? グランドバンク
2%
アルバータ・マニトバ・サスカチュワンの3州の総称は? プレーリー3州
2%
潮位の干満差が約15mと、世界で最も干満差が大きい湾の一つとして数えられている、カナダ北西部の湾は? ファンディ湾
0%
No matching quizzes found
Score Distribution
Percent of People with Each Score
Percentile by Number Answered
Your Score History
You have not taken this quiz